It looks like you're offline.
Open Library logo
additional options menu

MARC record from Internet Archive

LEADER: 04919cam 2200877 a 4500
001 ocm50494468
003 OCoLC
005 20220825102118.0
008 020711s2002 quca b 001 0 fre
040 $aNLC$bfre$cNLC$dU9S$dFRBML$dBDF$dCHRRO$dUQ1$dCA7GT$dOCLCF$dNLC$dREDDC$dOCLCO$dOCLCQ$dOCLCO$dOCLCA$dOCLCQ$dRUQSB$dGAOSB$dGA0$dOCLCQ$dRUQBL$dOCLCO
015 $a20020088574$2can
016 $a(AMICUS)000027157242
016 7 $aFRBNF388626860000008$2FrPBN
016 $a20020088574
019 $a1039423733$a1048747245$a1049063532$a1107764410$a1109610459$a1130919594$a1132444268
020 $a2893772544
020 $a9782893772547
020 $a2893772552
020 $a9782893772554
035 $a(OCoLC)50494468$z(OCoLC)1039423733$z(OCoLC)1048747245$z(OCoLC)1049063532$z(OCoLC)1107764410$z(OCoLC)1109610459$z(OCoLC)1130919594$z(OCoLC)1132444268
041 1 $afre$heng
050 4 $aQA76.73 J38D4514 2002
055 02 $aQA76.73*
082 04 $a005.13/3$221
084 $acci1icc$2lacc
100 1 $aDeitel, Harvey M.,$d1945-
245 10 $aComment programmer en Java /$cH.M. Deitel, P.J. Deitel.
250 $a4e éd.
260 $a[Repentigny, Québec] :$bÉditions Reynald Goulet,$c2002.
300 $alii, 1546, 8 pages :$billustrations ;$c25 cm +$e1 disque d'ordinateur
336 $atexte$btxt$2rdacontent/fre
337 $asans médiation$bn$2rdamedia/fre
338 $avolume$bnc$2rdacarrier/fre
500 $aTraduction et adaptation de : Java : how to progam.
500 $aComprend un index.
504 $aComprend des références bibliographiques : pages 1501-1505.
520 8 $aRédigé par des spécialistes de l'enseignement des langages de programmation, l'ouvrage présente les notions fondamentales de la programmation orientée-objet et le développement en Java d'applications client-serveur sur les réseaux. Cette nouvelle édition d'un grand classique sur la programmation en Java comporte de nombreuses nouveautés : présentation en quadrichromie de la syntaxe des programmes; incorporation d'une étude de cas de développement d'une application complexe appuyée sur le langage de modélisation UML; introduction aux modèles usuels de la conception orientée objet; nouveau chapitre sur les possibilités de Java dans le domaine de l'audio et de la vidéo; etc. Sur le CD-ROM d'accompagnement : le code de tous les exemples du livre, la version 1.3.1 de ##J2SDK## et des informations complémentaires. [SDM].
505 8 $aIntroduction aux ordinateurs, à l'internet et au Web -- Introduction aux applications Java -- Introduction aux applets Java -- Structures de contrôle -- Méthodes -- Tableaux -- Programmation basée sur les objets -- Programmation orientée objet -- Caractères et chaînes -- Graphismes et Java 2D -- Composants de l'interface utilisateur graphique -- Traitement des exceptions -- Multiprocessus -- Fichier et flux -- Mise en réseau -- Multimédia : images, animation, audio et vidéo -- Structures de données -- Package des utilitaires Java et manipulation de bits -- Collections -- Java Media framework et Java sound (sur le cédérom) -- Démonstration de Java -- Ressources de Java -- Table de préséance des opérateurs -- Jeu de caractères ASCII -- Systèmes de numération -- Créer une documentation en HTML avec javadoc -- Événement de l'asscenseur et interfaces d'écouteur -- Modèle de l'ascenseur -- Vue de l'ascenseur -- Opportunités de carrière -- Unicode.
650 0 $aJava (Computer program language)
650 4 $aJava (langage de programmation)
650 4 $aProgrammation orientée objets (informatique)
650 6 $aJava (Langage de programmation)
650 7 $aJava (Computer program language)$2fast$0(OCoLC)fst00982065
650 7 $aJava (langage de programmation)$2ram
650 7 $aProgrammation orientée objets (informatique)$2ram
650 7 $aJava (Langage de programmation)$2rasuqam
650 7 $aProgrammation.$2rasuqam
650 7 $aJava (langage de programmation)$xprogrammation$vmanuel.$2rero
653 $aPROGRAMMATION
653 $aLANGAGE
653 $aJAVA
653 $aINFORMATIQUE
653 $aORDINATEUR
653 $aOBJET
653 $aORIENTE
653 $aORIENTE-OBJET
653 $aUML
653 $aCONCEPTION
653 $aWWW
653 $aWEB
653 $aINTERNET
653 $aCOO
653 $aDEVELOPPEMENT
653 $aLOGICIEL
653 $aAPPLICATION
653 $aPOO
653 $aENVIRONNEMENT
655 7 $aManuel.$2rerovoc
700 1 $aDeitel, Paul J.
856 42 $3Notice et cote du catalogue de la Bibliothèque nationale de France$uhttp://catalogue.bnf.fr/ark:/12148/cb38862686s
029 0 $aNLC$b000027157242
029 1 $aBDF$bFRBNF388626860000008
029 1 $aCHRRO$bR003247367
029 1 $aZWZ$b099332434
994 $aZ0$bIME
948 $hNO HOLDINGS IN IME - 32 OTHER HOLDINGS